000 00265nam a2200109Ia 4500
005 20251222154320.0
008 251222s9999||||xx |||||||||||||| ||spa||
082 _a657.42/C28
100 _a"Carpio U., Fernando del"
245 0 _aContabilidad de costos
942 _cLIB
999 _c33754
_d33754